NFL Draft 2010 Quarterbacks Drafted - Statistics

General Stats
  • This quiz has been taken 18 times
  • The average score is 4 of 14
Answer Stats
Round Player Team College % Correct
1 Sam Bradford Rams Oklahoma
94%
1 Tim Tebow Broncos Florida
94%
3 Colt McCoy Browns Texas
44%
2 Jimmy Clausen Panthers Notre Dame
44%
5 John Skelton Cardinals Fordham
25%
7 Levi Brown Bills Troy
19%
6 Rusty Smith Titans Florida Atlantic
13%
6 Dan LeFevour Bears Central Michigan
6%
6 Joe Webb Vikings Alabama-Birmingham
6%
5 Jonathan Crompton Chargers Tennessee
6%
4 Mike Kafka Eagles Northwestern
6%
7 Sean Canfield Saints Oregon State
6%
6 Tony Pike Panthers Cincinnati
6%
7 Zac Robinson Patriots Oklahoma State
6%
No matching quizzes found
Score Distribution
Percent of People with Each Score
Percentile by Number Answered
Your Score History
You have not taken this quiz